Guía de medios, comunicación y cultura
La undécima edición de la Guía de Medios es un catálogo argentino de medios virtuales, en el cual se compilan el nombre, la dirección física, el número de teléfono y la dirección electrónica de agencias de noticias en Internet, prensa escrita, radio, televisión, revistas de Argentina, España y Latin...
Salvato in:
| Natura: | Sconosciuto |
|---|---|
| Pubblicazione: |
Buenos Aires:
La Crujia
|
| Soggetti: | |
| Accesso online: | _ |
| Tags: |
Aggiungi Tag
Nessun Tag, puoi essere il primo ad aggiungerne!!
|
MARC
| LEADER | 00000 a2200000 04500 | ||
|---|---|---|---|
| 001 | 47167 | ||
| 003 | |||
| 008 | 991231s d | ||
| 040 | |||
| 020 | |a 978-987-601-197-6 | ||
| 022 | |a 978-987-601-197-6 | ||
| 090 | |a R 0104 P179g | ||
| 245 | |a Guía de medios, comunicación y cultura | ||
| 260 | |a Buenos Aires: |b La Crujia | ||
| 300 | |a 373 páginas | ||
| 520 | |a La undécima edición de la Guía de Medios es un catálogo argentino de medios virtuales, en el cual se compilan el nombre, la dirección física, el número de teléfono y la dirección electrónica de agencias de noticias en Internet, prensa escrita, radio, televisión, revistas de Argentina, España y Latinoamérica y otros web de interés. Esta edición está organizada en cuatro grandes apartados: medios de comunicación, servicios profesionales, información general y educación. | ||
| 590 | |a Silvia/17032015 | ||
| 650 | |a ARGENTINA | ||
| 650 | |a Macrotesauro de la OCDE/ | ||
| 650 | |a MEDIOS DE COMUNICACION | ||
| 650 | |a Macrotesauro de la OCDE/ | ||
| 650 | |a SISTEMAS DE INFORMACION | ||
| 650 | |a Macrotesauro de la OCDE/ | ||
| 856 | |u http://www.lacrujiaediciones.com.ar/ |y _ |q URL | ||
| 999 | |c 12282 |d 12282 | ||



